000 00694nam a22002297a 4500
005 20170124110101.0
010 _aA-023251
020 _c00.00
035 _aA-023251
037 _bCen Lib/Ret
040 _aDPL
_bEN
082 _a958.1
_bRAT
100 _aRatnam, Perala
_927160
245 _aAfganistan's uncertain future /
_cby Perala Ratnam
260 _aNew Delhi
_bTulsi Publishing House
_c1981
270 _a68/2276, Gurudwara Road
_bNew Delhi
_e110005
300 _a100p.
_c20cm(Hb)
500 _aIncludes bibliographical reference
650 _aSoviat Union- Afghanistan
_927161
650 _aDiplomatic Relations
_9105146
942 _2ddc
_cEN
_h958.1
_mRAT
999 _c129703
_d129703